Povinnosti pri zrušení spoločnosti bez likvidácie

Aké sú povinnosti z účtovného a daňového hľadiska takej účtovnej jednotky, ktorá bola rozhodnutím súdu zrušená bez likvidácie z dôvodu nedostatku majetku.

Guardado en:
Detalles Bibliográficos
Autor principal: Kubaščíková, Zuzana, 1982-
Formato: Capítulo de libro
Lenguaje:eslovaco
Materias:
Etiquetas: Agregar Etiqueta
Sin Etiquetas, Sea el primero en etiquetar este registro!

MARC

LEADER 00000naa a2200000 4500
001 0172075
005 20240502072941.9
041 0 |a slo 
044 |a SK 
245 1 0 |a Povinnosti pri zrušení spoločnosti bez likvidácie  |c Zuzana Kubaščíková 
520 |a Aké sú povinnosti z účtovného a daňového hľadiska takej účtovnej jednotky, ktorá bola rozhodnutím súdu zrušená bez likvidácie z dôvodu nedostatku majetku. 
610 2 0 |a zrušenie podniku 
610 2 0 |a účtovníctvo 
610 2 0 |a dane 
100 1 |a Kubaščíková, Zuzana, 1982-